Kpop enhypen loose (eng vers) lyrics - Statistics

General Stats
  • This quiz has been taken 141 times
  • The average score is 225 of 328
Answer Stats
Answer % Correct
I
99%
A
94%
You
94%
Loose
91%
Me
91%
Can
89%
It
89%
To
89%
Be
86%
Just
86%
And
81%
The
81%
Too
81%
It’s
80%
On
80%
Keep
79%
Let
79%
Your
79%
Feel
76%
In
74%
My
74%
Body
73%
Heart
73%
So
73%
I’m
71%
We
71%
All
70%
Cool
70%
Hot
70%
Can’t
69%
This
69%
Baby
67%
Floor
67%
Floor)
67%
Racin
67%
Hard
66%
Sweatin
64%
Like
63%
Next
63%
Ponytail
63%
Take
63%
Being
61%
Don’t
61%
Inside
61%
See
61%
Want
61%
Eyes
60%
Give
60%
Fire
59%
Girl
59%
Patient
59%
Am
57%
Anymore
57%
How
57%
Shy
56%
Burning
54%
Dancing
54%
Got
54%
Tension
54%
Waitin’
54%
Right
53%
Been
51%
Think
51%
Way
51%
Room
50%
Sittin
50%
Taste
50%
Tell
50%
Get
49%
That
49%
Time
49%
Down
47%
Please
47%
Sign
47%
Begging
46%
Look
46%
(Ooh
46%
Should
46%
At
44%
Bad
44%
Broke
44%
Crowded
44%
Waiting
44%
Yeah
44%
Close
43%
Ice
43%
I’ve
43%
Lockin
43%
Refuse
43%
Chance
41%
Let’s
41%
Long
41%
There’s
41%
Glad
40%
If
40%
Is
40%
Magic’s
40%
We’re
36%
However
31%
I’mma
30%
Two
30%
One
29%
Wanna
27%
Three
26%
Five
24%
Four
24%
Another
23%
Second
23%
Tonight
23%
Waste
21%
No matching quizzes found
Score Distribution
Percent of People with Each Score
Percentile by Number Answered
Your Score History
You have not taken this quiz